Normal view
MARC view
- Saad Bashir Dar
Entry Personal Name
001 - CONTROL NUMBER
- control field: 93277
003 - CONTROL NUMBER IDENTIFIER
- control field: NUST
005 - DATE AND TIME OF LATEST TRANSACTION
- control field: 20220706135226.0
008 - FIXED-LENGTH DATA ELEMENTS
- fixed length control field: 220706|| aca||aabn | a|a d
040 ## - CATALOGING SOURCE
- Original cataloging agency: NUST
- Transcribing agency: NUST
100 ## - HEADING--PERSONAL NAME
- Personal name: Saad Bashir Dar
670 ## - SOURCE DATA FOUND
- Source citation: Work cat.: (NUST)9366: Saad Bashir Dar, Implementation of Virtual Audio Device Driver [Project BIT4], 2006.
